Statistics for Pokemon Moves Starting with the Letter L

Click here to take the quiz!

General Stats

  • This quiz has been taken 52 times
    (14 since last reset)
  • The average score is 20 of 27

Answer Stats

TypePhys/Spec/StatusSpecial EffectAnswer% Correct
NormalPhysicalCan only be used after all other movesLast Resort
100%
BugPhysicalUser receives 1/2 damage inflicted as recovery HPLeech Life
100%
GrassStatusUser receives HP from foe every turnLeech Seed
100%
GhostPhysicalMay paralyze foeLick
100%
NormalStatusUsers next attack cannot missLock-On
100%
FightingPhysicalDoes more damage if target is heavierLow Kick
100%
FightingPhysicalLowers foe SpeedLow Sweep
100%
GhostPhysicalGains 50 power for each fainted allyLast Respects
88%
GrassPhysicalHigh Crit. RateLeaf Blade
88%
GrassSpecialLowers users Spec. Atk. by 2 stagesLeaf Storm
88%
NormalStatusLower foe Def.Leer
88%
PsychicStatus1/2 damage from special attacks for 5 turnsLight Screen
88%
GrassSpecialMay lowers foe AccuracyLeaf Tornado
75%
WaterPhysicalMay lower foe Def.Liquidation
75%
PsychicStatusUser faints, next Pokémon has HP and status fullLunar Dance
75%
BugPhysicalAlways lowers targets Atk.Lunge
75%
GroundPhysicalSignature of ZygardeLand's Wrath
63%
DarkPhysicalDoubles in power if user stats lowered this turnLash Out
63%
PsychicSpecialReduces foe Sp. Def. by 2 stages. Signature of EspathraLumina Crash
63%
GrassPhysicalN/ALeafage
50%
NormalStatusPrevents critical hits on users pokemonLucky Chant
50%
NormalStatusUntil the end of next turn, users attacks will always Crit.Laser Focus
38%
FireSpecialMay burn foeLava Plume
38%
WaterStatusIncreases user and allies HP by 25%Life Dew
38%
NormalStatusPuts foe to sleepLovely Kiss
38%
PsychicStatusRestores HP of user and allies by 25%, as well as healing
Status conditions. Signature of Cresselia
Lunar Blessing
38%
PsychicStatusMay lower foe Spec. Def.Luster Purge
38%

Score Distribution

Percentile by Number Answered

Percent of People with Each Score

Your Score History

You have not taken this quiz since the last reset